00418nam a2200181Ia 4500008004100000020001800041050001400059100001600073245002500089245001900114260001500133260001900148260000900167300001500176300002700191300001000218500000800228170918s9999 xx 000 0 und d a9780439548472 bP639 1993 aPilkey, Dav aDragon's halloween / cby Dav Pilkey. aNew York : bOrchard Books, c1993 a46 pages : bcolored illustration ; c20cm. a420